书目信息 |
| 题名: |
论语分类释读
|
|
| 作者: | 李宏 编著 | |
| 分册: | ||
| 出版信息: | 北京 首都师范大学出版社 2022.06 |
|
| 页数: | 259页 | |
| 开本: | 24cm | |
| 丛书名: | 育新校本研究成果系列丛书 | |
| 单 册: | ||
| 中图分类: | G633.332 | |
| 科图分类: | ||
| 主题词: | 阅读课--Yue Du Ke--教学研究--高中 | |
| 电子资源: | ||
| ISBN: | 978-7-5656-6188-4 | |
| 000 | 01101nam 2200277 450 | |
| 001 | 012001001281 | |
| 005 | 20140201133416.0 | |
| 010 | @a978-7-5656-6188-4@dCNY45.00 | |
| 099 | @aCAL 012022033829 | |
| 100 | @a20220905d2021 em y0chiy50 ea | |
| 101 | 0 | @achi |
| 102 | @aCN@b110000 | |
| 105 | @ay z 000yy | |
| 106 | @ar | |
| 200 | 1 | @a论语分类释读@Alun yu fen lei shi du@f李宏编著 |
| 210 | @a北京@c首都师范大学出版社@d2022.06 | |
| 215 | @a259页@d24cm | |
| 225 | 2 | @a育新校本研究成果系列丛书@AYu Xin Xiao Ben Yan Jiu Cheng Guo Xi Lie Cong Shu@f陈国荣主编 |
| 300 | @a中学生整本书阅读辅助用书 | |
| 330 | @a本书是以杨伯峻《论语译注》为原本,选取章节的分合与杨本一致。全书共收录《论语》章节260多条(杨本共512则),可谓“半部论语”。分为“《论语》中的孔子及其门人”“德行类”“言语类”“政事类”“文学类”五编。编下又分若干专题(或论题)。 | |
| 410 | 0 | @12001 @a育新校本研究成果系列丛书@f陈国荣主编 |
| 606 | 0 | @a阅读课@AYue Du Ke@x教学研究@x高中 |
| 690 | @aG633.332@v5 | |
| 701 | 0 | @a李宏@Ali hong@c(语文教学)@4编著 |
| 801 | 0 | @aCN@bAHXH@c20221111 |
| 905 | @b1366028-32@dG633.332@e1020@f5 | |
| 论语分类释读/李宏编著.-北京:首都师范大学出版社,2022.06 |
| 259页;24cm.-(育新校本研究成果系列丛书/陈国荣主编) |
| 中学生整本书阅读辅助用书 |
| ISBN 978-7-5656-6188-4:CNY45.00 |
| 本书是以杨伯峻《论语译注》为原本,选取章节的分合与杨本一致。全书共收录《论语》章节260多条(杨本共512则),可谓“半部论语”。分为“《论语》中的孔子及其门人”“德行类”“言语类”“政事类”“文学类”五编。编下又分若干专题(或论题)。 |
| ● |
| 相关链接 |
|
|
|
|
正题名:论语分类释读
索取号:G633.332/1020
 
预约/预借
| 序号 | 登录号 | 条形码 | 馆藏地/架位号 | 状态 | 备注 |
| 1 | 1366028 | 213660288 | 第一样本阅览室/ [索取号:G633.332/1020] | 在馆 | |
| 2 | 1366029 | 213660297 | 教育系资料室/ [索取号:G633.332/1020] | 在馆 | |
| 3 | 1366030 | 213660304 | 教育系资料室/ [索取号:G633.332/1020] | 在馆 | |
| 4 | 1366031 | 213660313 | 第四借阅区/ [索取号:G633.332/1020] | 在馆 | |
| 5 | 1366032 | 213660322 | 第四借阅区/ [索取号:G633.332/1020] | 在馆 |